Best NBA Player By Age 2025 - Statistics

General Stats
  • This quiz has been taken 323 times
  • The average score is 11 of 22
Answer Stats
Age Answer % Correct
39 LeBron James
99%
25 Luka Doncic
85%
36 Stephen Curry
85%
29 Nikola Jokic
83%
35 Kevin Durant
77%
20 Jalen Duren
72%
26 Jayson Tatum
69%
23 Anthony Edwards
65%
30 Joel Embiid
63%
31 Anthony Davis
57%
27 Devin Booker
51%
33 Kawhi Leonard
49%
34 Paul George
45%
32 Kyrie Irving
44%
21 Paolo Banchero
40%
22 Jalen Green
37%
28 Donovan Mitchell
33%
24 Tyrese Haliburton
30%
38 Al Horford
28%
19 Zaccharie Risacher
26%
18 Ulrich Chomche
1%
37 Westley Matthews
0%
No matching quizzes found
Score Distribution
Percent of People with Each Score
Percentile by Number Answered
Your Score History
You have not taken this quiz